London Underground Challenge #4 - Waterloo to Barking - Statistics

General Stats
  • This quiz has been taken 21 times
  • The average score is 9 of 15
Answer Stats
Route (Lines) Interchange station % Correct
Waterloo&City & District Bank/Cannon Street
85%
Waterloo&City & National Rail Bank/Fenchurch Street
85%
Waterloo&City & District Bank/Monument
85%
Jubilee & District Westminster
85%
Jubilee/Bakerloo & Hammersmith&City Baker Street
77%
Bakerloo/Northern & District Embankment
77%
Bakerloo & Hammersmith&City Paddington
77%
Bakerloo & Hammersmith&City Edgware Road
69%
Jubilee & District/Hammersmith&City/National Rail West Ham
62%
Northern & Hammersmith&City Euston/Euston Square
54%
Northern & Suffragette Archway/Upper Holloway
38%
National Rail & District Richmond
38%
Northern & Hammersmith&City Warren Street/Euston Square
38%
National Rail & District Wimbledon
38%
National Rail & District Putney/East Putney
23%
No matching quizzes found
Score Distribution
Percent of People with Each Score
Percentile by Number Answered
Your Score History
You have not taken this quiz